Difficult Bible quiz - Statistics

General Stats
  • This quiz has been taken 1,518 times
  • The average score is 5 of 16
Answer Stats
Hint Answer % Correct
Paul is from this tribe. Benjamin
67%
A mighty hunter before the Lord. Nimrod
51%
Cain dwelt in the land of .... Nod
51%
According to the Bible, the descendants of Esau Edomites
46%
"They pierced my hands and my feet.." From what book does these words come? Psalms
45%
He was by the river Kebar when he saw a vision Ezekiel
42%
An unknown animal from the book of Job, commonly thought to be a hippo. Behemoth
38%
A descendant of Cain who had two wives.. Lamech
34%
Acorrding to Revelation, the name of the star that fell into the sea. Wormwood
34%
The writing on the wall. mene mene tekel upharsin
27%
A man from Elkosh who prophesied the fall of Nineveh. Nahum
25%
The plain where the Tower of Babel stood. Shinar
24%
David's capital before he took Jerusalem Hebron
23%
The way of Cain, the way of Korah and the way of ....... Balaam
14%
The mountain of Saul's death Gilboah
7%
Jehu the son of .... Zimri
4%
No matching quizzes found
Score Distribution
Percent of People with Each Score
Percentile by Number Answered
Your Score History
You have not taken this quiz